00998nab a2200241uuc4500001000800000005001700008008004100025035001200066040001300078041000800091100004900099245010500148650005600253650005600309650005100365650005400416650005400470700004100524700004600565773011600611942001000727999001900737137809620240202115227.0140715e20140105 spa  a1378096 ccomduadb aspa10aCacciamali, Maria Cristina4auteaut929459710a¿Hubo cambios en la política social de los gobiernos de la "nueva izquierda" en América latina? aAmérica Latina - Aspectos sociopolíticos910635 aAmérica Latina - Aspectos socioculturales9143548 aAmérica Latina - Aspectos políticos934304 aIzquierda (Política) - América Latina9110841 7aPolítica socialzAmérica Latina2lemb920027110aCury, Eduardo Luiz4auteaut968217010aCampos, André Gambier4auteaut97167960 tCuadernos Americanos (México)gVolumen 001, Número 147, Enero-Marzo 2014, p. 11-38w116900z0185156X068748 cARIMP c686195d686195